000 00738cam a2200241 a 4500
008
020 _a0314141162 (hbk.)
049 _aMAIN
090 0 0 _aJK276
_bMIL
100 1 _aMiller, Roger LeRoy.
245 1 0 _aNTC's American government /
_cRoger LeRoy Miller.
250 _a2nd ed.
260 _aLincolnwood, Ill. :
_bNational Textbook Company,
_cc1999.
300 _axxii, 855 p. :
_bmostly col. ill., ;
_c27 cm.
504 _aIncludes bibliographical references.
500 0 _aIncludes index.
650 0 _aUnited States
_xPolitics and government.
907 _a.b10261096
_b14-07-09
_c06-03-09
003
005 20230123124929.0
040 _cNUST
942 _cBOOKS
_kJK276
_mMIL
999 _c132768
_d132768